|
|
|
|
| LEADER |
01289nam a22002897a 4500 |
| 001 |
29831 |
| 003 |
BD-DhAAL |
| 008 |
171127t2014 bg a||| |||| o0|00 eengd |
| 999 |
|
|
|c 38626
|d 38626
|
| 040 |
|
|
|a BD-DhAAL
|
| 082 |
|
|
|a 363.7387495492
|2 23
|
| 245 |
|
|
|a Policy brief :
|b vulnerability to climate induced drought scenario and impacts /
|c compiled by Mirza Shawkat Ali, Snajib Kumar Saha and Goran Jonsson
|
| 260 |
|
|
|a Dhaka :
|b Comprehensive Disaster Management Programme (CDMP II),
|c c2014
|
| 300 |
|
|
|a 28 pages :
|b color illustrations, color maps ;
|c 28 cm.
|
| 526 |
|
|
|a AAL
|
| 541 |
|
|
|e 29831
|
| 650 |
|
|
|a Climatic changes
|z Bangladesh
|9 20975
|
| 650 |
|
|
|a Droughts
|z Bangladesh
|9 20976
|
| 700 |
|
|
|a Ali, Mirza Shawkat
|9 20977
|
| 700 |
|
|
|a Saha, Sanjib Kumar
|9 20978
|
| 700 |
|
|
|a Jonsson, Goran
|9 20979
|
| 710 |
|
|
|a Center for Environmental and Geographic Information Services (Bangladesh)
|9 20980
|
| 710 |
|
|
|a Comprehensive Disaster Management Program (CDMP II)
|9 20981
|
| 710 |
|
|
|a Ministry of Disaster Management and Relief.
|9 20982
|
| 852 |
|
|
|a Ayesha Abed Library
|c General Stacks
|
| 942 |
|
|
|2 ddc
|c BK
|
| 952 |
|
|
|0 0
|1 0
|2 ddc
|4 0
|6 363_738749549200000_POL
|7 0
|9 61967
|a BRACUL
|b BRACUL
|c GEN
|d 2017-11-27
|e Complimentary copy
|l 0
|o 363.7387495492 POL
|p 3010029831
|r 2017-11-27
|t 1
|w 2017-11-27
|y BK
|